Countries Bordering "N"-Countries - Sudden Death - Statistics

General Stats
  • This quiz has been taken 282 times
  • The average score is 8 of 12
Answers on the Grid
Answers color-coded by a green-red scale on the quiz's grid according to % correct below.
Angola
South Africa
India
Costa Rica
Germany
Mali
Benin
Cameroon
Russia
Greece
Albania
Sweden
Guatemala
Hungary
Argentina
Zimbabwe
Eritrea
Liberia
Iraq
Vietnam
 
Answer Stats
Answer % Correct
Norway Sweden
78%
Namibia South Africa
74%
Nepal India
71%
Nicaragua Costa Rica
66%
North Korea, Norway Russia
63%
North Macedonia Greece
62%
Netherlands Germany
61%
North Macedonia Albania
57%
Namibia Angola
56%
Niger, Nigeria Benin
54%
Nigeria Cameroon
54%
Niger Mali
54%
No matching quizzes found
Score Distribution
Percent of People with Each Score
Percentile by Number Answered
Your Score History
You have not taken this quiz